Temas de gramática nivel superior

Saved in:
Bibliographic Details
Main Author: Moreno, Concha
Format: Book
Language:Spanish
Published: Madrid SGEL 2009
Edition:nueva edición
Subjects:
Tags: Add Tag
No Tags, Be the first to tag this record!

MARC

LEADER 00000nam a2200000 4500
001 0242816
005 20240226134335.4
020 |a 978-84-9778-429-0 
041 0 |a spa 
044 |a ES 
245 1 0 |a Temas de gramática  |b nivel superior  |c Concha Moreno 
250 |a nueva edición 
264 1 |a Madrid  |b SGEL  |c 2009 
300 |a 266 s. 
610 2 0 |a jazykoveda 
610 2 0 |a terminológia 
610 2 0 |a jazyky cudzie 
610 2 0 |a španielčina 
610 2 0 |a gramatika 
100 1 |a Moreno, Concha